| 000 | 00771cam a2200289 i 4500 | ||
|---|---|---|---|
| 001 | 768714001 | ||
| 003 | CO-MdFUSB | ||
| 005 | 20250424130914.0 | ||
| 007 | ta | ||
| 008 | 241203t1986 -us||||| |||| 00| 0 eng d | ||
| 020 | _a0-8006-1902-1 | ||
| 040 | _cCO-MdFUSB | ||
| 041 | 0 | _aeng | |
| 082 | 0 | 4 |
_223 _a235 _bW773u |
| 100 | 1 |
_aWink, Walter _eautor |
|
| 245 | 1 | 0 |
_aUnmasking the powers : _bthe invisible forces that determine human existence _c/ Walter Wink |
| 264 | 1 |
_bFortress Press, _aPA., USA : _c[1986] |
|
| 264 | 4 | _c©1986 | |
| 300 | _a227 páginas | ||
| 336 |
_atexto _btxt _2rdacontent |
||
| 337 |
_2rdamedia _asin mediación _bn |
||
| 338 |
_2rdacarrier _avolumen _bnc |
||
| 563 | _aRustico | ||
| 653 | _aTeología | ||
| 942 | _cBK | ||
| 945 | _aMiguel | ||
| 999 |
_c36564 _d36564 |
||